00450nam a2200169 a 450000100060000000300090000600800410001502000150005604000280007108200090009910000190010824500580012726000400018530000090022549000130023465000330024723786CO-ViMGA141112s2004 ck r 000 u spa d a9706415149 aCO-ViMGAbspacCO-ViMGA04aBROa1 aBrozon, Monica10aLa aventura de los pollos voladores / cMonica Brozon aMéxico : beditorial progreso S.A a18p. aRehilete14aCUENTOS INFANTILES MEXICANOS